01539cam a2200349 a 45000010008000000030004000080050017000120080041000290100017000700200015000870400022001020430012001240820016001362450139001522600055002913000026003465000124003725040064004966500034005606500040005946510052006347000021006867000026007077000018007337110078007518560104008298560089009339060045010229420012010679990015010799520095010941021586OSt20230620133111.0881109s1990 alu b s001 0 eng  a 88029605  a0817304398 aDLCcDLCdDLCe19 an-usu--00a320.97bSTE04aThe Disappearing South? :bstudies in regional change and continuity /cedited by Robert P. Steed, Laurence W. Moreland, Tod A. Baker. aTuscaloosa :bUniversity of Alabama Press,cc1990. axii, 224 p. ;c24 cm. aDeveloped from the fifth Citadel Symposium on Southern Politics, held at the Citadel, March 6-7, 1986, Charleston, S.C. aIncludes bibliographical references (p. 204-215) and index. 0aRegionalismzSouthern States. 0aPolitical culturezSouthern States. 0aSouthern StatesxPolitics and governmenty1951-1 aSteed, Robert P.1 aMoreland, Laurence W.1 aBaker, Tod A.2 aCitadel Symposium on Southern Politicsn(5th :d1986 :cCharleston, S.C.)423Contributor biographical informationuhttp://www.loc.gov/catdir/enhancements/fy1111/88029605-b.html423Publisher descriptionuhttp://www.loc.gov/catdir/enhancements/fy1111/88029605-d.html a7bcbccorignewd1eocipf19gy-gencatlg 2ddccBK c1730d1730 00102ddc4070a002b002d2023-06-20l0o320.97 STEp10000798r2023-06-20w2023-06-20yBK